States and Territories of United States - Statistics

General Stats
  • This quiz has been taken 17 times
  • The average score is 49 of 65
Answer Stats
Hint Answer % Correct
States Alabama
93%
States Alaska
93%
States Arizona
93%
States Arkansas
93%
States California
93%
States Colorado
93%
States Connecticut
93%
States Delaware
93%
States Washington
93%
States Florida
87%
States Georgia
87%
Inhabited Territories Guam
87%
States Hawaii
87%
States Idaho
87%
States Illinois
87%
States Indiana
87%
States Maryland
87%
States Minnesota
87%
States Nevada
87%
States Oregon
87%
Inhabited Territories Puerto Rico
87%
States Texas
87%
Inhabited Territories U.S. Virgin Islands
87%
States Utah
87%
Inhabited Territories American Samoa
80%
States Iowa
80%
States Kentucky
80%
States Louisiana
80%
States Maine
80%
States Michigan
80%
States Mississippi
80%
States Missouri
80%
States Montana
80%
States Nebraska
80%
States New Hampshire
80%
States New Jersey
80%
States New Mexico
80%
States New York
80%
States North Carolina
80%
States North Dakota
80%
States Ohio
80%
States Oklahoma
80%
States Rhode Island
80%
States South Carolina
80%
States South Dakota
80%
States Tennessee
80%
States Vermont
80%
States Virginia
80%
States West Virginia
80%
States Wisconsin
80%
States Wyoming
80%
Federal District District of Columbia
73%
States Kansas
73%
States Massachusetts
73%
Inhabited Territories Northern Mariana Islands
73%
Uninhabited Territories Midway Atoll
67%
States Pennsylvania
67%
Uninhabited Territories Wake Island
40%
Uninhabited Territories Baker Island
33%
Uninhabited Territories Johnston Atoll
27%
Uninhabited Territories Navassa Island
27%
Uninhabited Territories Palmyra Atoll
27%
Uninhabited Territories Howland Island
20%
Uninhabited Territories Jarvis Island
20%
Uninhabited Territories Kingman Reef
20%
No matching quizzes found
Score Distribution
Percent of People with Each Score
Percentile by Number Answered
Your Score History
You have not taken this quiz